مكتبة جامعة عجلون الوطنية

فهرس بحث المكتبة

الاشتراط لمصلحة الغير ومدى تأثيره على اثر العقد = The condition for the benefit of others and the extent of its impact on the effect of the contract / (Record no. 30524)

MARC details
000 -LEADER
fixed length control field 01124nam a2200241Ii 4500
003 - CONTROL NUMBER IDENTIFIER
control field JO-AjNU
005 - DATE AND TIME OF LATEST TRANSACTION
control field 20240629122606.0
008 - FIXED-LENGTH DATA ELEMENTS--GENERAL INFORMATION
fixed length control field 230605s9999||||xx |||||||||||||| ||und||
040 ## - CATALOGING SOURCE
Original cataloging agency JO-AjNU
Language of cataloging ara
Description conventions rda
Transcribing agency JO-AjNU
041 ## - LANGUAGE CODE
Language code of text/sound track or separate title ara
050 14 - LIBRARY OF CONGRESS CALL NUMBER
Classification number KMM100.8.2020
100 #1 - MAIN ENTRY--PERSONAL NAME
Personal name الطائي، الاء ماجد محمد نوار
Relator term معد
9 (RLIN) 65807
245 #0 - TITLE STATEMENT
Title الاشتراط لمصلحة الغير ومدى تأثيره على اثر العقد = The condition for the benefit of others and the extent of its impact on the effect of the contract /
Statement of responsibility, etc. اعداد الاء ماجد محمد نوار الطائي؛ اشراف محمد بني مقداد
264 31 - PRODUCTION, PUBLICATION, DISTRIBUTION, MANUFACTURE, AND COPYRIGHT NOTICE
Place of production, publication, distribution, manufacture 2020
300 ## - PHYSICAL DESCRIPTION
Extent 109 ورقة
336 ## - CONTENT TYPE
Content type term text
Content type code txt
Source rdacontent
337 ## - MEDIA TYPE
Media type term unmediated
Media type code n
Source rdamedia
338 ## - CARRIER TYPE
Carrier type term volume
Carrier type code nc
Source rdacarrier
500 ## - GENERAL NOTE
General note رسالة جامعية( رسالة ماجستير في القانون) جامعة عجلون الوطنية( عجلون، الاردن)، 2020
650 #4 - SUBJECT ADDED ENTRY--TOPICAL TERM
Topical term or geographic name entry element القانون الاردني - الغقود
9 (RLIN) 59856
700 #1 - ADDED ENTRY--PERSONAL NAME
Personal name بني مقداد، محمد
Relator term مشرف
9 (RLIN) 65792
942 ## - ADDED ENTRY ELEMENTS (KOHA)
Source of classification or shelving scheme Library of Congress Classification
Koha item type Thesis
Holdings
Withdrawn status Lost status Source of classification or shelving scheme Damaged status Not for loan Home library Current library Shelving location Date acquired Total Checkouts Full call number Barcode Date last seen Price effective from Koha item type
    Library of Congress Classification     مكتبة جامعة عجلون الوطنية مكتبة جامعة عجلون الوطنية المراجع 06/06/2023   KMM100.8.2020 A26956 06/06/2023 06/06/2023 Thesis
    Library of Congress Classification     مكتبة جامعة عجلون الوطنية مكتبة جامعة عجلون الوطنية   29/06/2024   KMM100.8.2020 a26955 29/06/2024 29/06/2024 Thesis